00468nam a2200085Ia 4500008004100000245002800041300024500069650000900314856005900323170517s9999 xx 000 0 und d aFurries: An Inside Look aThis documentary gives an inside perspective on the strange and interesting subculture known as the furry fandom. The fandom is explained by furries in their own words. Furry fandom refers to the fandom for the furry genre of literature,... xArt. uhttp://topdocumentaryfilms.com/furries-an-inside-look/